000 00699nam a2200265Ia 4500
005 20260121170412.0
008 008 260114s9999 xx 000 0 eng d
020 _a9783319725000
037 _aEBOOK
040 _aCRL
040 _beng
040 _cCRL
041 _2eng
041 _aeng
084 _qCRL
100 _aMarjorie H. Charlop, Russell Lang, Mandy Rispoli
_91063457
245 0 _aPlay and Social Skills for Children with Autism Spectrum Disorder
260 _bSpringer
260 _bSpringer
260 _c2018
856 _uhttps://link.springer.com/openurl?genre=book&isbn=978-3-319-72500-0
942 _cEBOOK
999 _c1629186
_d1629186